A spanyol étkezési szokásokban bekövetkezett változások elemzése regionális kereslet-kínálat vizsgálat a Kanári-szigeteken

Bibliográfiai részletek
Szerző: Vörös Gabriella
További közreműködők: Sándor Dr. Dénes
Dokumentumtípus: Diplomadolgozat
Kulcsszavak:Gasztronómia, spanyol
Kanári-szigetek
Diéta, mediterrán
Ételválaszték, éttermi
Elemzés, összehasonlító
Online Access:http://dolgozattar.uni-bge.hu/59421

MARC

LEADER 00000nta a2200000 i 4500
001 dolg59421
005 20260115141741.0
008 260115suuuu hu om 000 hun d
040 |a BGE Dolgozattár Repozitórium  |b hun 
041 |a hu 
100 1 |a Vörös Gabriella 
245 1 2 |a A spanyol étkezési szokásokban bekövetkezett változások elemzése  |b regionális kereslet-kínálat vizsgálat a Kanári-szigeteken  |c Vörös Gabriella  |h [elektronikus dokumentum] 
695 |a Gasztronómia, spanyol 
695 |a Kanári-szigetek 
695 |a Diéta, mediterrán 
695 |a Ételválaszték, éttermi 
695 |a Elemzés, összehasonlító 
700 1 |a Sándor Dr. Dénes  |e ths 
856 4 0 |u http://dolgozattar.uni-bge.hu/59421/1/Voros-Gabriella.pdf  |z Dokumentum-elérés